Introduction to indexing and abstracting

Gardado en:
Detalles Bibliográficos
Autor Principal: Cleveland, Donald B.
Formato: Libro
Idioma:Undetermined
Publicado: Englewood, CO. Libraries Unlimited 2001
Những chủ đề:
Các nhãn: Engadir etiqueta
Sen Etiquetas, Sexa o primeiro en etiquetar este rexistro!
Thư viện lưu trữ: Trung tâm Học liệu Trường Đại học Cần Thơ
LEADER 00550nam a2200193Ia 4500
001 CTU_130638
008 210402s9999 xx 000 0 und d
020 |c 36.44 
082 |a 025.3 
082 |b C635 
100 |a Cleveland, Donald B. 
245 0 |a Introduction to indexing and abstracting 
245 0 |c Donald B. Cleveland and Ana D. Cleveland. 
260 |a Englewood, CO. 
260 |b Libraries Unlimited 
260 |c 2001 
650 |a Indexing.,Abstracting. 
904 |i Minh 
980 |a Trung tâm Học liệu Trường Đại học Cần Thơ